Movies Quiz

Random Movies Quiz

Action Movies Quiz Stats

 Plays Quiz not verified by Sporcle

Challenge
Share
Tweet
Embed
Score 0/20 Timer 05:00
0 Plays Today
Main Actor Movie Title % Correct
Gerard Butler, Lena Headey300
90.4%
Bruce Willis, Alan RickmanDie Hard
87.3%
Mel Gibson, Sophie MarceauBraveheart
86%
Keanu Reeves, Dennis HopperSpeed
84.1%
Sylvester Stallone, Julie BenzRambo
82.2%
Keanu Reeves, Laurence FishburneThe Matrix
80.3%
Christian Bale, Heath LedgerThe Dark Knight
79%
Sylvester Stallone, Jason StathamThe Expendables
76.4%
Wesley Snipes, Stephen DorffBlade
76.4%
Liam Neeson, Maggie GraceTaken
76.4%
Main Actor Movie Title % Correct
Tom Hanks, Matt DamonSaving Private Ryan
76.4%
Harrison Ford, Gary OldmanAir Force One
73.9%
Peter Weller, Nancy AllenRobocop
68.2%
Arnold Schwarzenegger, Rae Dawn ChongCommando
66.2%
Jason Statham, Qi ShuThe Transporter
65.6%
Mickey Rourke, Clive OwenSin City
60.5%
Gerard Butler, Michael C. HallGamer
49.7%
George Clooney, Harvey KeitelFrom Dusk Till Dawn
45.2%
Arnold Schwarzenegger, Linda HamiltonTerminator 2: Judgment Day
36.9%
Donnie Yen, Simon YamIp Man
29.3%

You're not logged in!

Compare scores with friends on all Sporcle quizzes.
Join for Free
OR
Log In

You Might Also Like...

Show Comments

Extras

Top Quizzes Today


Score Distribution

Your Account Isn't Verified!

In order to create a playlist on Sporcle, you need to verify the email address you used during registration. Go to your Sporcle Settings to finish the process.

Report this User

Report this user for behavior that violates our Community Guidelines.

Details: